Countries that Have Lost Population since 2010 - Statistics

General Stats
  • This quiz has been taken 142 times
  • The average score is 15 of 21
Answer Stats
Loss Loss in % Answer % Correct
2.06 m 4.49% Ukraine
88%
2.07 m 1.61% Japan
84%
1.23 m 6.03% Romania
84%
477 k 6.42% Bulgaria
82%
402 k 12.9% Lithuania
82%
440 k 6.03% Serbia
82%
233 k 11.0% Latvia
81%
223 k 5.15% Croatia
79%
5.57 k 0.42% Estonia
79%
483 k 1.26% Poland
78%
3.86 m 18.1% Syria
78%
425 k 11.5% Bosnia and Herzegovina
75%
52.1 k 1.28% Moldova
72%
70.2 k 2.38% Albania
71%
176 k 0.38% Spain
71%
465 k 4.27% Greece
70%
267 k 2.69% Hungary
70%
399 k 3.77% Portugal
69%
110 k 2.68% Georgia
60%
4.00 k 0.01% Venezuela
45%
7.18 k 8.51% Andorra
32%
No matching quizzes found
Score Distribution
Percent of People with Each Score
Percentile by Number Answered
Your Score History
You have not taken this quiz